000 00727nam a2200229Ia 4500
005 20250508164421.0
008 008 250505s9999 xx 000 0 eng d
020 _a81-316-0107-2
037 _aTextual
040 _aFEDL
_beng
_cFEDL
041 _aeng
_2eng
084 _a352, BAR
_qFEDL
100 _aBarik Bishnu C Ed.
_9592853
245 0 _aPanchayati raj institutions and rural development : Narratives on inclusion of excluded
260 _aJaipur, India
_bRawat Publications
_c2008
300 _axii,290p
365 _aINR
_b65
650 _aRural development; Panchayati raj institutions
_9778073
700 _a Sahoo Umesh C Ed.
_9778074
942 _cTEXL
_h352, BAR
999 _c1389024
_d1389024